000 00414nab a22001457a 4500
001 T027600011411-10
008 190830b xxu||||| |||| 00| 0 esp |
040 _aFEVP
_cFEVP
100 _aContasti, Max.
245 _aAnálisis de los cambios ideológicos en el partido socialista obrero Español.
300 _app. 295-320
650 _aAmérica Latina--Condiciones Económicas
650 _aEmpresas
942 _cANL
999 _c16009
_d16009